00585nam 22001693 4500001000700000100004100007200004600048205000800094210004600102215003300148300009800181606002600279675002500305700003800330801001800368830002900386202827 a20231109d u||y0pory50 ba aContos impopularesfAgustina Bessa Luís a4ª aLisboacGuimarães & C.ª Editoresd1984 a205, [3] p.cbrochadod21 cm aContém dedicatória na folha de guarda Notas do Prof. Dr. Almeida Faria ao longo do livro  aLiteratura Portuguesa a821.134.3-3vPTzpor aLuísbAgustina Bessaf1922-2019 aPTbBMMNgRPC cAna FalardofAna Falardo